| 000 | 00392cam a2200169ua 4500 | ||
|---|---|---|---|
| 020 | _c0.25 | ||
| 041 |
_amal _h |
||
| 082 |
_a894.8121 _bKUM/KU |
||
| 100 | _aKumaranasan, N. | ||
| 245 |
_aKuil / _cN Kumaranasan. _hTextual Documents |
||
| 260 |
_aThonnakkal : _bSarada Book Depot , _c1962. |
||
| 300 | _a12 ; . | ||
| 365 | _a0.25 | ||
| 504 | _a | ||
| 942 | _cBK | ||
| 999 |
_c5193 _d5193 |
||